00189nam a2200085Ia 4500008004100000041000800041100001000049245003500059260000900094240625s9999 xx 000 0 und d aeng aDIGIT aDIGIT DVD DUAL LAYER BY DEMAND c1909